| 000 | 00459nam a2200181Ia 4500 | ||
|---|---|---|---|
| 008 | 230711s9999||||xx |||||||||||||| ||und|| | ||
| 020 | _a978-81-265-3824-9 | ||
| 041 | _aENG | ||
| 082 |
_a4 _bMC-M |
||
| 100 | _aMcWherter,Jeff | ||
| 245 | 0 | _aProfessional Mobile Application Development | |
| 250 | _a1st Ed. | ||
| 260 |
_c2012 _aNew Delhi _bWiley India Pvt.Ltd |
||
| 300 | _a403p. | ||
| 650 | _aComputer Engineering | ||
| 700 | _aGowell,Scott | ||
| 942 | _cBK | ||
| 999 |
_c6553 _d6553 |
||